Famous People Born in January Quiz Stats

 Plays Quiz Updated Apr 27, 2018

Support Sporcle.
Go Orange.
Score 0/30 Timer 07:00
4 Plays Today
Person % Correct
Elvis Presley
95.6%
Oprah Winfrey
92.6%
Nicolas Cage
87.5%
Ellen DeGeneres
87.3%
Michelle Obama
86.3%
Jim Carrey
85%
Martin Luther King, Jr.
84.9%
Dolly Parton
82.5%
Stephen Hawking
81.8%
Justin Timberlake
80.8%
Kim Jong-un
77.4%
Catherine, Duchess of Cambridge
77%
Rod Stewart
75.6%
Mel Gibson
73.5%
Benjamin Franklin
71.7%
Person % Correct
Bradley Cooper
70.5%
Rowan Atkinson
65.6%
Franklin Delano Roosevelt
63.5%
Elijah Wood
62%
Janis Joplin
61.2%
Liam Hemsworth
60.1%
Buzz Aldrin
59.7%
Christian Bale
59.2%
Harriet Tubman
55.4%
Guy Fieri
45.9%
Patrick Dempsey
44.8%
Alicia Keys
43.4%
Neil Diamond
42.3%
Zayn Malik
41.3%
Wolfgang Amadeus Mozart
39.9%

You're not logged in!

Compare scores with friends on all Sporcle quizzes.
OR
Log In

From the Vault

XYZ Countries

by Derek

Luckily the required answers to this quiz are in English, otherwise it would be a really impossible quiz.
Remove Ads.
Support Sporcle.
Get the best of Sporcle when you Go Orange. This ad-free experience offers more features, more stats, and more fun while also helping to support Sporcle. Thank you for becoming a member.

Show Comments

Extras

Top Quizzes Today


Score Distribution

Your Account Isn't Verified!

In order to create a playlist on Sporcle, you need to verify the email address you used during registration. Go to your Sporcle Settings to finish the process.

Report this User

Report this user for behavior that violates our Community Guidelines.

Details: